Property points (Record no. 40614)

MARC details
000 -LEADER
fixed length control field 01225cab a2200253 4500
001 - CONTROL NUMBER
control field ABS52190
008 - FIXED-LENGTH DATA ELEMENTS--GENERAL INFORMATION
fixed length control field 090401t1995 xxu||||| |||| 00| 0 eng d
035 ## - SYSTEM CONTROL NUMBER
System control number (Sirsi) u65150
041 ## - LANGUAGE CODE
Language code of text/sound track or separate title eng
100 ## - MAIN ENTRY--PERSONAL NAME
Personal name Storey, I.
245 ## - TITLE STATEMENT
Title Property points
260 ## - PUBLICATION, DISTRIBUTION, ETC.
Date of publication, distribution, etc. 1995
350 ## - PRICE (NR) (BK AM CF MU VM SE) [OBSOLETE]
Price 0
490 ## - SERIES STATEMENT
Series statement Guardian Gazette
Volume/sequential designation 92(02) 11 January 1995, 38-39(2)
520 ## - SUMMARY, ETC.
Summary, etc. Examines recent developments in property law including the treatment of deeds of gift under Insolvency Act 1986 ss339-342; recent cases concerning the desirability or otherwise of separate representation of borrowers and lenders "Mortgage Express Limited v Bowerman and Partners" (WB3020-41) and "Target Holding Limited v Redferns" (WB2944-69); a case involving computer printed possession summonses "Nationwide Building Society v Shillbeer" and the Law of Property (Miscellaneous Provisions) Bill which reforms the law relating to post-completion liability of sellers.
650 ## - SUBJECT ADDED ENTRY--TOPICAL TERM
Topical term or geographic name entry element DEEDS OF GIFT
650 ## - SUBJECT ADDED ENTRY--TOPICAL TERM
Topical term or geographic name entry element INSOLVENCY ACT 1986
650 ## - SUBJECT ADDED ENTRY--TOPICAL TERM
Topical term or geographic name entry element LAW OF PROPERTY (MISCELLANEOUS PROVISIONS) BILL
650 ## - SUBJECT ADDED ENTRY--TOPICAL TERM
Topical term or geographic name entry element POSSESSION SUMMONSES
650 ## - SUBJECT ADDED ENTRY--TOPICAL TERM
Topical term or geographic name entry element SEPARATE REPRESENTATION
690 ## - LOCAL SUBJECT ADDED ENTRY--TOPICAL TERM (OCLC, RLIN)
Topical term or geographic name as entry element PROPERTY LAW AND PRACTICE
942 ## - ADDED ENTRY ELEMENTS (KOHA)
Suppress in OPAC 0
948 ## - LOCAL PROCESSING INFORMATION (OCLC); SERIES PART DESIGNATOR (RLIN)
c (OCLC) 04/03/1997
Holdings
Withdrawn status Lost status Source of classification or shelving scheme Damaged status Not for loan Home library Current library Shelving location Date acquired Total Checkouts Full call number Barcode Date last seen Copy number Price effective from Koha item type
    Dewey Decimal Classification     London London Journal article 14/09/1999   ABS52190 65150-1001 06/08/2019 1 06/08/2019 Journal article